Những truyện ngắn lãng mạn

Đã lưu trong:
书目详细资料
格式: 图书
语言:Undetermined
出版: Hà Nội Hội Nhà Văn 1999
主题:
标签: 添加标签
没有标签, 成为第一个标记此记录!
Thư viện lưu trữ: Trung tâm Học liệu Trường Đại học Cần Thơ
LEADER 00472nam a2200145Ia 4500
001 CTU_34464
008 210402s9999 xx 000 0 und d
082 |a 895.922301 
082 |b Tr527t 
245 0 |a Những truyện ngắn lãng mạn 
260 |a Hà Nội 
260 |b Hội Nhà Văn 
260 |c 1999 
650 |a short stories, vietnamese - collections,vietnamese literature - 20th century 
980 |a Trung tâm Học liệu Trường Đại học Cần Thơ